|
|
|
|
| LEADER |
01597nam a2200409Ia 4500 |
| 001 |
EBC178469 |
| 003 |
MiAaPQ |
| 005 |
20200520144314.0 |
| 006 |
m o d | |
| 007 |
cr cn||||||||| |
| 008 |
991012s2000 enka sb 001 0 eng d |
| 010 |
|
|
|z 99053107
|
| 020 |
|
|
|z 0203459172
|
| 020 |
|
|
|z 041520559X (Hardback : alk. paper)
|
| 035 |
|
|
|a (MiAaPQ)EBC178469
|
| 035 |
|
|
|a (Au-PeEL)EBL178469
|
| 035 |
|
|
|a (CaPaEBR)ebr10054259
|
| 035 |
|
|
|a (CaONFJC)MIL3739
|
| 035 |
|
|
|a (OCoLC)559987423
|
| 040 |
|
|
|a MiAaPQ
|c MiAaPQ
|d MiAaPQ
|
| 050 |
|
4 |
|a HC462.95
|b .B69 2000
|
| 082 |
0 |
4 |
|a 338.952
|2 21
|
| 245 |
0 |
0 |
|a Japanese capitalism in crisis
|h [electronic resource] :
|b a regulationist interpretation /
|c edited by Robert Boyer and Toshio Yamada.
|
| 260 |
|
|
|a London ;
|a New York :
|b Routledge,
|c 2000.
|
| 300 |
|
|
|a xvii, 238 p. :
|b ill.
|
| 490 |
1 |
|
|a Routledge advances in international political economy ;
|v 5
|
| 504 |
|
|
|a Includes bibliographical references (p. [222]-234) and index.
|
| 533 |
|
|
|a Electronic reproduction. Ann Arbor, MI : ProQuest, 2015. Available via World Wide Web. Access may be limited to ProQuest affiliated libraries.
|
| 650 |
|
0 |
|a Economic history.
|
| 651 |
|
0 |
|a Japan
|x Economic conditions
|y 1989-
|
| 651 |
|
0 |
|a Japan
|x Economic policy
|y 1989-
|
| 655 |
|
4 |
|a Electronic books.
|
| 700 |
1 |
|
|a Boyer, Robert,
|d 1943-
|
| 700 |
1 |
|
|a Yamada, Toshio,
|d 1942-
|
| 710 |
2 |
|
|a ProQuest (Firm)
|
| 830 |
|
0 |
|a Routledge advances in international political economy ;
|v 5.
|
| 856 |
4 |
0 |
|u https://ebookcentral.proquest.com/lib/matrademy/detail.action?docID=178469
|z Click to View
|